00313nam a2200121Ia 4500008004100000041000800041082001600049100001600065245004500081260003300126300002700159365000500186240624s9999 xx 000 0 und d aeng a658.022 DEL aDELUCA FRED aSTART SMALL FINISH BIG FIFTEEN KEY LESSO c2000aNew YorkbWarner Books axiii, : 353 : cm. ; 23 c